Statistics for Country Flags in Black and White

Click here to take the quiz!

General Stats

  • This quiz has been taken 1,690 times
  • The average score is 29 of 32

Answer Stats

Answer% Correct
Brazil
98%
Canada
98%
China
98%
India
98%
Israel
98%
New Zealand
98%
South Korea
98%
Switzerland
98%
United Kingdom
98%
United States of America
98%
Albania
97%
Jamaica
97%
South Africa
97%
Uruguay
97%
Algeria
95%
Pakistan
95%
Cambodia
94%
Chile
94%
Morocco
94%
Tunisia
94%
Cuba
93%
Czechia
93%
Venezuela
93%
Bosnia and Herzegovina
91%
Barbados
90%
Ethiopia
85%
Seychelles
85%
Antigua and Barbuda
77%
Suriname
72%
Eritrea
70%
Vanuatu
68%
Rwanda
64%

Score Distribution

Percentile by Number Answered

Percent of People with Each Score

Your Score History

You have not taken this quiz